"Bessmyslennyj i bespoščadnyj" ?.. : (Titelsatznr. 3293)
[ MARC ]
| 000 -Satzkennung | |
|---|---|
| Kontrollfeld mit fester Länge | 00544nam a22001811c 4500 |
| 001 - Kontrollnummer | |
| Kontrollfeld | a75344 |
| 008 - Feld mit fester Länge zur physischen Beschreibung - Allgemeine Angaben | |
| Kontrollfeld mit fester Länge | 060406s2003 gw |||| 000u rus d |
| 020 ## - Internationale Standardbuchnummer | |
| Internationale Standardbuchnummer | 5728105556 |
| Verknüpfung | 5-7281-0555-6 |
| 041 ## - Sprachcode | |
| Sprachcode des Textes/der Tonspur oder des separaten Titels | rus |
| 040 ## - Katalogisierungsquelle | |
| Übertragungsstelle | RU-10907106 |
| 003 - Kontrollnummer Identifier | |
| Kontrollfeld | RU-10907106 |
| 100 1# - Haupteintragung - Personenname | |
| Personenname | Telicyn, Vadim L. |
| 245 00 - Titel | |
| Titel | "Bessmyslennyj i bespoščadnyj" ?.. : |
| Zusatz zum Titel | fenomen krest'janskogo buntarstva 1917 - 1921 godov / |
| Verfasserangabe etc. | V. L. Telicyn |
| 250 ## - Ausgabebezeichnung | |
| Ausgabebezeichnung | 2. Aufl. |
| 264 ## - Produktion, Veröffentlichung, Distribution, Herstellung und Urheberrechtsvermerk | |
| Herstellungs-, Veröffentlichungs- Vertriebs-, Erzeugungsort | Moskva : |
| Produzent, Herausgeber, Distributor, Hersteller | Rossijskij Gosudarstvennyj Gumanitarnyj Univ., |
| Datum der Herstellung, der Veröffentlichung, des Vertriebs oder des Urheberschutzvermerks | 2003 |
| 300 ## - Physische Beschreibung | |
| Umfang | 335 S. |
| 942 ## - Zusätzliche Felder (Koha) | |
| Koha-Medientyp | Monographien |
| Ausgeschieden | Verloren | Klassifikation oder Aufstellungssystematik | Beschädigt | Nicht entleihbar | Heimatbibliothek | Aufenthaltsbibliothek | Aufstellungsort | Erwerbungsdatum | Inventarnummer | Signatur | Barcode | Letzte Aktivität | Preis gültig von | Koha-Medientyp |
|---|---|---|---|---|---|---|---|---|---|---|---|---|---|---|
| Andere/Generische Klassifikation | MWN Osteuropa | MWN Osteuropa | Magazin - 2 | 06/04/2006 | 06-04091 | R 61 ec Tel | E004015078FBA4DB | 23/02/2021 | 22/03/2021 | Monographien |